|
|
|
|
| LEADER |
00000nam a2200000 a 4500 |
| 001 |
vtls001408839 |
| 003 |
SK-MaSNL |
| 005 |
20260302072127.0 |
| 008 |
251113s2000 RU a rd 0 rus |
| 020 |
|
|
|a 5224006732
|c [340,00]
|
| 035 |
|
|
|a SNK000363514
|
| 040 |
|
|
|a SNK
|b slo
|c SNK
|e AACR2
|
| 044 |
|
|
|a RU
|
| 080 |
|
|
|a 133.3
|2 1981
|
| 100 |
1 |
|
|a Avadjajeva, Jelena Nikolajevna
|4 aut
|9 734788
|
| 245 |
1 |
0 |
|a Rossija v predskazanijach
|c Je. Avadjajeva
|
| 260 |
|
|
|a Moskva
|b Olma-Press
|c 2000
|
| 300 |
|
|
|a 316 s.
|c 27 cm
|
| 490 |
1 |
|
|a Tysjačeletije
|
| 650 |
0 |
7 |
|a veštby
|x proroctvá
|z Rusko
|x dejiny
|2 SNK
|9 734789
|
| 651 |
|
7 |
|a Rusko
|2 SNK
|9 17250
|
| 830 |
|
0 |
|a Tysjačeletije
|9 734790
|
| 919 |
|
|
|a 5-224-00673-2
|
| 999 |
|
|
|c 1155152
|d 1157082
|
| 952 |
|
|
|t P60, <04>, [BOOK], {604}
|a SNK
|b SNK
|y VYP
|7 0
|p 17A0271362
|o snkIB 70274
|i snkV 514/2001
|0 0
|1 0
|4 0
|d 2001-04-18
|l 0
|r 2005-01-02 00:00:00
|w 2026-02-24
|